| 000 | 00000nam##2200000za#4500 |
| 001 | 9.581247 |
| 003 | CaOODSP |
| 005 | 20220125145841 |
| 007 | cr ||||||||||| |
| 008 | 150406|2008||||xxc|||||o f|0| 0 eng|d |
| 040 | |aCaOODSP|beng |
| 043 | |an-cn--- |
| 086 | 1 |aD4-12/1-2008E-PDF |
| 110 | 1 |aCanada.|bDepartment of National Defence. |bOffice of the Judge Advocate General. |
| 245 | 14|aThe law of interrogations : |h[electronic resource]|bthe issue of torture and ill-treatment / |c[by] Sara R. Siebert ; issued on Authority of the Chief of the Defence Staff. |
| 260 | |aOttawa - Ontario : |bNational Defence. |c2008-06-04. |
| 300 | |a68p.|breferences |
| 490 | 1 |aOffice of the Judge Advocate General, strategic legal paper series|v1 |
| 590 | |a15-02-Supp|b2015-02-16 |
| 690 | 07|aHuman rights|2gcpds |
| 690 | 07|aMilitary law|2gcpds |
| 690 | 07|aSecurity intelligence|2gcpds |
| 775 | 08|tLe droit régissant les interrogatoires : |w(CaOODSP)9.608073 |
| 830 | #0|aOffice of the Judge Advocate General, strategic legal paper series ;|v1|w(CaOODSP)9.507941 |
| 856 | 40|ahttp://publications.gc.ca|qPDF|s847 KB|uhttps://publications.gc.ca/collections/collection_2014/mdn-dnd/D4-12-1-2008-eng.pdf|y1 |
| 986 | |aA-LG-007-SLA/AF-001 |